000 00392nam a2200157Ia 4500
003 OSt
005 20240127145344.0
008 170523s9999 xx 000 0 und d
020 _a9351610616
040 _ciimt university meerut
100 _aBHUSHAN- YK
245 0 _aFUNDAMENTALS OF BUSINESS ORGANISATIONAL- MANAGEMENT
260 _bDELHI SULTAN CHAND
260 _c1995
942 _2ddc
_c02
999 _c126
_d126